<?xml version="1.0" encoding="UTF-8"?><?xml-stylesheet type="text/xsl" href="static/style.xsl"?><OAI-PMH xmlns="http://www.openarchives.org/OAI/2.0/" xmlns:xsi="http://www.w3.org/2001/XMLSchema-instance" xsi:schemaLocation="http://www.openarchives.org/OAI/2.0/ http://www.openarchives.org/OAI/2.0/OAI-PMH.xsd"><responseDate>2026-04-17T15:06:17Z</responseDate><request verb="GetRecord" identifier="oai:www.recercat.cat:20.500.12328/1808" metadataPrefix="marc">https://recercat.cat/oai/request</request><GetRecord><record><header><identifier>oai:recercat.cat:20.500.12328/1808</identifier><datestamp>2025-05-16T12:55:22Z</datestamp><setSpec>com_2072_67741</setSpec><setSpec>col_2072_484352</setSpec></header><metadata><record xmlns="http://www.loc.gov/MARC21/slim" xmlns:dcterms="http://purl.org/dc/terms/" xmlns:xsi="http://www.w3.org/2001/XMLSchema-instance" xmlns:doc="http://www.lyncode.com/xoai" xsi:schemaLocation="http://www.loc.gov/MARC21/slim http://www.loc.gov/standards/marcxml/schema/MARC21slim.xsd">
   <leader>00925njm 22002777a 4500</leader>
   <datafield ind2=" " ind1=" " tag="042">
      <subfield code="a">dc</subfield>
   </datafield>
   <datafield ind2=" " ind1=" " tag="720">
      <subfield code="a">Jiménez-Marrero, Santiago</subfield>
      <subfield code="e">author</subfield>
   </datafield>
   <datafield ind2=" " ind1=" " tag="720">
      <subfield code="a">Cainzos-Achirica, Miguel</subfield>
      <subfield code="e">author</subfield>
   </datafield>
   <datafield ind2=" " ind1=" " tag="720">
      <subfield code="a">Monterde, David</subfield>
      <subfield code="e">author</subfield>
   </datafield>
   <datafield ind2=" " ind1=" " tag="720">
      <subfield code="a">Garcia-Eroles, Luis</subfield>
      <subfield code="e">author</subfield>
   </datafield>
   <datafield ind2=" " ind1=" " tag="720">
      <subfield code="a">Enjuanes-Grau, Cristina</subfield>
      <subfield code="e">author</subfield>
   </datafield>
   <datafield ind2=" " ind1=" " tag="720">
      <subfield code="a">Yun, Sergi</subfield>
      <subfield code="e">author</subfield>
   </datafield>
   <datafield ind2=" " ind1=" " tag="720">
      <subfield code="a">Garay, Alberto</subfield>
      <subfield code="e">author</subfield>
   </datafield>
   <datafield ind2=" " ind1=" " tag="720">
      <subfield code="a">Moliner, Pedro</subfield>
      <subfield code="e">author</subfield>
   </datafield>
   <datafield ind2=" " ind1=" " tag="720">
      <subfield code="a">Alcoberro, Lidia</subfield>
      <subfield code="e">author</subfield>
   </datafield>
   <datafield ind2=" " ind1=" " tag="720">
      <subfield code="a">Corbella Virós, Xavier</subfield>
      <subfield code="e">author</subfield>
   </datafield>
   <datafield ind2=" " ind1=" " tag="720">
      <subfield code="a">Comin-Colet, Josep</subfield>
      <subfield code="e">author</subfield>
   </datafield>
   <datafield ind2=" " ind1=" " tag="260">
      <subfield code="c">2020-09-11</subfield>
   </datafield>
   <datafield ind2=" " ind1=" " tag="520">
      <subfield code="a">Background: The aims of the present analysis are to estimate the prevalence of five key chronic cardiovascular, metabolic and renal conditions at the population level, the prevalence of renin–angiotensin–aldosterone system inhibitor (RAASI) medication use and the magnitude of potassium (K+) derangements among RAASI users. Methods and Results: We used data from more than 375,000 individuals, 55 years of age or older, included in the population-based healthcare database of the Catalan Institute of Health between 2015 and 2017. The conditions of interest were chronic heart failure (CHF), chronic kidney disease (CKD), diabetes mellitus, ischemic heart disease and hypertension. RAASI medications included angiotensin-converting enzyme inhibitors, angiotensin II receptor blockers, mineralocorticoid receptor antagonists (MRAs) and renin inhibitors. Hyperkalemia was defined as K+ levels > 5.0 mEq/L and hypokalemia as K+ &lt; 3.5 mEq/L. The prevalence of chronic cardiovascular, metabolic and renal conditions was high, and particularly that of hypertension (prevalence ranging from 48.2% to 48.9%). The use of at least one RAASI medication was almost ubiquitous in these patients (75.2– 77.3%). Among RAASI users, the frequency of K+ derangements, mainly of hyperkalemia, was very noticeable (12% overall), particularly in patients with CKD or CHF, elderly individuals and users of MRAs. Hypokalemia was less frequent (1%). Conclusion: The high prevalence of K+ derangements, and particularly hyperkalemia, among RAASI users highlights the real-world relevance of K+ derangements, and the importance of close monitoring and management of K+ levels in routine clinical practice. This is likely to benefit a large number of patients, particularly those at higher risk.</subfield>
   </datafield>
   <datafield ind1="8" ind2=" " tag="024">
      <subfield code="a">Jiménez-Marrero, Santiago; Cainzos-Achirica, Miguel; Monterde, David [et al.]. Real-world epidemiology of potassium derangements among chronic cardiovascular, metabolic and renal conditions: a population-based analysis. Clinical Epidemiology, 2020, 12, p. 941-952. Disponible en: &lt;https://www.dovepress.com/real-world-epidemiology-of-potassium-derangements-among-chronic-cardio-peer-reviewed-article-CLEP>. Fecha de acceso: 27 nov. 2020. DOI: 10.2147/CLEP.S253745.</subfield>
   </datafield>
   <datafield ind1="8" ind2=" " tag="024">
      <subfield code="a">1179-1349</subfield>
   </datafield>
   <datafield ind1="8" ind2=" " tag="024">
      <subfield code="a">http://hdl.handle.net/20.500.12328/1808</subfield>
   </datafield>
   <datafield ind1="8" ind2=" " tag="024">
      <subfield code="a">https://dx.doi.org/10.2147/CLEP.S253745</subfield>
   </datafield>
   <datafield tag="653" ind2=" " ind1=" ">
      <subfield code="a">Epidemiologia</subfield>
   </datafield>
   <datafield tag="653" ind2=" " ind1=" ">
      <subfield code="a">Potassi</subfield>
   </datafield>
   <datafield tag="653" ind2=" " ind1=" ">
      <subfield code="a">Cardiologia</subfield>
   </datafield>
   <datafield tag="653" ind2=" " ind1=" ">
      <subfield code="a">Insuficiència cardíaca</subfield>
   </datafield>
   <datafield tag="653" ind2=" " ind1=" ">
      <subfield code="a">Sistema cardiovascular -- Malalties</subfield>
   </datafield>
   <datafield tag="653" ind2=" " ind1=" ">
      <subfield code="a">Hipertensió</subfield>
   </datafield>
   <datafield tag="653" ind2=" " ind1=" ">
      <subfield code="a">Epidemiología</subfield>
   </datafield>
   <datafield tag="653" ind2=" " ind1=" ">
      <subfield code="a">Potasio</subfield>
   </datafield>
   <datafield tag="653" ind2=" " ind1=" ">
      <subfield code="a">Cardiología</subfield>
   </datafield>
   <datafield tag="653" ind2=" " ind1=" ">
      <subfield code="a">Insuficiencia cardíaca</subfield>
   </datafield>
   <datafield tag="653" ind2=" " ind1=" ">
      <subfield code="a">Aparato circulatorio -- Enfermedades</subfield>
   </datafield>
   <datafield tag="653" ind2=" " ind1=" ">
      <subfield code="a">Hipertensión</subfield>
   </datafield>
   <datafield tag="653" ind2=" " ind1=" ">
      <subfield code="a">Epidemiology</subfield>
   </datafield>
   <datafield tag="653" ind2=" " ind1=" ">
      <subfield code="a">Potassium</subfield>
   </datafield>
   <datafield tag="653" ind2=" " ind1=" ">
      <subfield code="a">Cardiology</subfield>
   </datafield>
   <datafield tag="653" ind2=" " ind1=" ">
      <subfield code="a">Heart failure</subfield>
   </datafield>
   <datafield tag="653" ind2=" " ind1=" ">
      <subfield code="a">Cardiovascular system -- Diseases</subfield>
   </datafield>
   <datafield tag="653" ind2=" " ind1=" ">
      <subfield code="a">Hypertension</subfield>
   </datafield>
   <datafield ind2="0" ind1="0" tag="245">
      <subfield code="a">Real-world epidemiology of potassium derangements among chronic cardiovascular, metabolic and renal conditions: a population-based analysis</subfield>
   </datafield>
</record></metadata></record></GetRecord></OAI-PMH>